| 000 | 00400nam a2200157 4500 | ||
|---|---|---|---|
| 001 | 123869 | ||
| 003 | ES-MaACL | ||
| 005 | 20230906192250.0 | ||
| 007 | t| | ||
| 008 | 070214s1935 fr r ||||1| fre d | ||
| 100 | 1 |
_aQuoniam, Th. _994808 |
|
| 245 | 1 | 0 |
_aErasme / _cTh. Quoniam. |
| 260 |
_aParis : _bDescleƩ de Brouwer, _c1935. |
||
| 300 |
_a266 p. : _bil. ; _c20 cm. |
||
| 852 |
_aES-MaACL _jA-3279 |
||
| 999 |
_c123869 _d123869 |
||